000 00739nam a22002297a 4500
003 UA-OsUOA
001 122118
007 ta
008 20170410b un ||||| |||| 00| 0 ukr d
100 _aКульчицька Н.
700 _aЯковець Т.
090 _a330(477)
_bК90
942 _cSA
040 _aUA-OsUOA
_bukr
_cUA-OsUOA
_dUA-OsUOA
245 _aПодатковий аудит як інструмент забезпечення економічної безпеки підприємства
300 _aС.21-29
955 _a0
041 _aukr
080 _a330(477)
773 0 _w122115
_tБухгалтерський облік і аудит
_dК.
_d2017
_g1
650 7 _a330 Економіка взагалі
_2UDC
999 _c408174
_d408174